000 00904nas a2200301 4500
001 BR8806624
003 BR-BrBNA
005 20231205091334.0
007 ta
008 230509b bl.|||p| |||| 00| 00por d
040 _aBR-BrBNA
_bpor
_cBiblioteca Nacional de Agricultura
041 _a(Pt)
072 _aH20
100 1 _aRomero, R. da S.
100 1 _aAthayde, J.T.
100 1 _aFukuda, C.
100 1 _aBatista, U.G.
245 1 _aMetodos para extracao de lipopolissacarideos de Xanthomonas campestris pv. manihotis (Berthet Bondon, 1915)Dye, 1978
650 _aPOLISSACARIDEO
650 _aANTIGENO
650 _aANTICORPO
650 _aCELULA
650 _aPODRIDAO NEGRA
650 _aBACTERIOSE
773 0 _tRevista Brasileira de Mandioca (Brazil)
_xISSN 0101-563X
_g(1982), v. 1(1) p. 47-53
_wBR8806624
909 _a202311
_bLúcia
_c55
_dLúcia Elande
942 _2AGRIS
_n0
_cANA
999 _c124446
_d124446